000 01143cad a22002295a 4500
001 L153652
008 110815s20110815 d f s 000 0 eng u
035 _a(Sirsi) u153652
041 0 _aeng
050 _a333.33 $2 18
110 2 _aRightmove
245 0 0 _aUK housing market insulated from global financial jitters
_h[electronic resource]
260 _aLondon
_bRightmove
_c2011
490 0 0 _aRightmove House Price Index
_vAugust 2011
520 _aAverage national asking price down by 2.1% on July 2011. Year on year growth is -0.3%. Supply of new sellers remains muted at 30% below 2007 levels, as the number of motivated sellers is broadly matched by the number of serious buyers. Base rates are expected to be unchanged until at least 2013, limiting forced sales and holding down mortgage rates for deposit-rich buyers.
590 _aKA
650 2 4 _aRIGHTMOVE HOUSE PRICE INDEX
651 4 _aUnited Kingdom
_y
690 _aPROPERTY-RESIDENTIAL PROPERTY-RESIDENTIAL PROPERTY MARKET
856 4 0 _uhttps://www.rightmove.co.uk/news/files/2011/08/august-2011.pdf
_zView the item free of charge at www.rightmove.co.uk
942 _n0
999 _c112631
_d112631